| 000 | 00614nam a2200181Ia 4500 | ||
|---|---|---|---|
| 008 | 090630s9999 xx 000 0 und d | ||
| 082 | _b8064 | ||
| 100 | _aसरदेसाई लक्ष्मणराव. | ||
| 245 |
_aपडसाद. _cसरदेसाई लक्ष्मणराव. |
||
| 260 |
_bप्रिया. _c1985 |
||
| 300 | _a228 | ||
| 600 | _aसरदेसाई लक्ष्मणराव. | ||
| 630 | _aपडसाद. | ||
| 655 | _aलघुकथा. | ||
| 700 | _aसरदेसाई लक्ष्मणराव. | ||
| 730 | _aपडसाद. | ||
| 942 | _cBOOK | ||
| 999 |
_c259920 _d259920 |
||